Company Law (Record no. 162813)
[ view plain ]
| 000 -LEADER | |
|---|---|
| fixed length control field | 00602nam a2200205Ia 4500 |
| 003 - CONTROL NUMBER IDENTIFIER | |
| control field | OSt |
| 005 - DATE AND TIME OF LATEST TRANSACTION | |
| control field | 20260417154855.0 |
| 020 ## - INTERNATIONAL STANDARD BOOK NUMBER | |
| International Standard Book Number | 9966-01-137-4 |
| 040 ## - CATALOGING SOURCE | |
| Transcribing agency | LC |
| 050 ## - LIBRARY OF CONGRESS CALL NUMBER | |
| Classification number | KD 2059 .O 38 2010 |
| 100 ## - MAIN ENTRY--PERSONAL NAME | |
| Personal name | Ogola,John Joseph |
| 245 #0 - TITLE STATEMENT | |
| Title | Company Law |
| 250 ## - EDITION STATEMENT | |
| Edition statement | 3 |
| 260 ## - PUBLICATION, DISTRIBUTION, ETC. | |
| Place of publication, distribution, etc. | Nairobi, |
| Name of publisher, distributor, etc. | Focus Publishers Ltd, |
| Date of publication, distribution, etc. | 2010, |
| 300 ## - PHYSICAL DESCRIPTION | |
| Extent | 472 p, ill |
| 500 ## - GENERAL NOTE | |
| General note | Includes index |
| 650 ## - SUBJECT ADDED ENTRY--TOPICAL TERM | |
| Topical term or geographic name entry element | 1. Corporation law-Kenya-Textbooks 2. Business enterprises-Law and legislation-Kenya 3. Company law-Study guides-Kenya 4. Corporate governance-Kenya |
| 700 ## - ADDED ENTRY--PERSONAL NAME | |
| Personal name | Gitau Robert |
| 942 ## - ADDED ENTRY ELEMENTS (KOHA) | |
| Koha item type | Long Loan Book |
| Source of classification or shelving scheme | Library of Congress Classification |
| Withdrawn status | Lost status | Source of classification or shelving scheme | Damaged status | Not for loan | Collection | Home library | Current library | Shelving location | Date acquired | Inventory number | Total checkouts | Total renewals | Full call number | Barcode | Date last seen | Date last checked out | Copy number | Price effective from | Koha item type |
|---|---|---|---|---|---|---|---|---|---|---|---|---|---|---|---|---|---|---|---|
| Library of Congress Classification | Law | Kisii University Library | Kisii University Library | On Display | 09/15/2023 | 097621 | 3 | 1 | KD. .2059 .O 38 2010 | 047374 | 10/03/2025 | 09/05/2025 | 8 | 09/15/2023 | Long Loan Book | ||||
| Library of Congress Classification | Law | Kisii University Library | Kisii University Library | On Display | 10/31/2023 | 00031316 | 2 | 1 | KD 2059 .O38 2010 | 000000001374 | 10/23/2025 | 09/22/2025 | 2 | 10/31/2023 | Long Loan Book | ||||
| Library of Congress Classification | Law | Kisii University Library | Kisii University Library | On Display | 11/29/2023 | 094761 | 2 | 1 | KD 2059 .O38 2003 | 005006 | 11/05/2024 | 10/09/2024 | 7 | 11/29/2023 | Long Loan Book | ||||
| Library of Congress Classification | Law | Kisii University Library | Kisii University Library | On Display | 11/29/2023 | 094760 | KD 2059 .O38 2003 | 005007 | 11/29/2023 | 6 | 11/29/2023 | Long Loan Book | |||||||
| Library of Congress Classification | Law | Kisii University Library | Kisii University Library | On Display | 11/29/2023 | 099770 | KD 2059 .O 38 2003 | 000000003052 | 11/29/2023 | 13 | 11/29/2023 | Long Loan Book | |||||||
| Library of Congress Classification | Law | Kisii University Library | Kisii University Library | On Display | 04/17/2026 | 099769 | KD 2059 .O 38 2003 | 000000000186 | 04/17/2026 | 12 | 04/17/2026 | Long Loan Book | |||||||
| Library of Congress Classification | Law | Kisii University Library | Kisii University Library | On Display | 04/17/2026 | 097624 | KD 2059 .O 38 2003 | 047377 | 04/17/2026 | 11 | 04/17/2026 | Long Loan Book | |||||||
| Library of Congress Classification | Law | Kisii University Library | Kisii University Library | On Display | 04/17/2026 | 097623 | KD 2059 .O 38 2003 | 047376 | 04/17/2026 | 10 | 04/17/2026 | Long Loan Book | |||||||
| Library of Congress Classification | Law | Kisii University Library | Kisii University Library | On Display | 04/17/2026 | 100709 | KD 2059 .O 38 2003 | 000000001837 | 04/17/2026 | 16 | 04/17/2026 | Long Loan Book | |||||||
| Library of Congress Classification | Law | Kisii University Library | Kisii University Library | On Display | 04/17/2026 | 101556 | KD 2059 .O 38 2003 | 000000020162 | 04/17/2026 | 20 | 04/17/2026 | Long Loan Book | |||||||
| Library of Congress Classification | Law | Kisii University Library | Kisii University Library | On Display | 04/17/2026 | 100706 | KD 2059 .O 38 2003 | 000000002740 | 04/17/2026 | 19 | 04/17/2026 | Long Loan Book | |||||||
| Library of Congress Classification | Law | Kisii University Library | Kisii University Library | On Display | 04/17/2026 | 094757 | KD 2059 .O 38 2003 | 005010 | 04/17/2026 | 3 | 04/17/2026 | Long Loan Book | |||||||
| Library of Congress Classification | Law | Kisii University Library | Kisii University Library | On Display | 04/17/2026 | 24652 | KD 2059 .O 38 2003 | 000000003864 | 04/17/2026 | 1 | 04/17/2026 | Long Loan Book | |||||||
| Library of Congress Classification | Law | Kisii University Library | Kisii University Library | On Display | 04/17/2026 | 094759 | KD 2059 .O 38 2003 | 005008 | 04/17/2026 | 5 | 04/17/2026 | Long Loan Book | |||||||
| Library of Congress Classification | Law | Kisii University Library | Kisii University Library | On Display | 04/17/2026 | 097622 | KD 2059 .O 38 2003 | 047375 | 04/17/2026 | 9 | 04/17/2026 | Long Loan Book | |||||||
| Library of Congress Classification | Law | Kisii University Library | Kisii University Library | On Display | 04/17/2026 | 094758 | KD 2059 .O 38 2003 | 005009 | 04/17/2026 | 4 | 04/17/2026 | Long Loan Book | |||||||
| Library of Congress Classification | Law | Kisii University Library | Kisii University Library | On Display | 04/17/2026 | 101555 | KD 2059 .O 38 2003 | 000000003261 | 04/17/2026 | 18 | 04/17/2026 | Long Loan Book | |||||||
| Library of Congress Classification | Law | Kisii University Library | Kisii University Library | On Display | 04/17/2026 | 100708 | KD 2059 .O 38 2003 | 000000003161 | 04/17/2026 | 15 | 04/17/2026 | Long Loan Book | |||||||
| Library of Congress Classification | Law | Kisii University Library | Kisii University Library | On Display | 04/17/2026 | 100707 | KD 2059 .O 38 2003 | 000000003060 | 04/17/2026 | 14 | 04/17/2026 | Long Loan Book | |||||||
| Library of Congress Classification | Law | Kisii University Library | Kisii University Library | On Display | 04/17/2026 | 112974 | KD 2059 .O38 2010 | A001736 | 04/17/2026 | 21 | 04/17/2026 | Long Loan Book | |||||||
| Library of Congress Classification | Law | Kisii University Library | Kisii University Library | On Display | 04/17/2026 | 112975 | KD 2059 .O 38 2010 | A001733 | 04/17/2026 | 22 | 04/17/2026 | Long Loan Book | |||||||
| Library of Congress Classification | Law | Kisii University Library | Kisii University Library | On Display | 04/17/2026 | 112976 | KD 2059 .O38 2010 | A001735 | 04/17/2026 | 23 | 04/17/2026 | Long Loan Book | |||||||
| Library of Congress Classification | Law | Kisii University Library | Kisii University Library | On Display | 04/17/2026 | 112977 | KD 2059 .O38 2010 | A001738 | 04/17/2026 | 24 | 04/17/2026 | Long Loan Book | |||||||
| Library of Congress Classification | Law | Kisii University Library | Kisii University Library | On Display | 04/17/2026 | 112978 | KD 2059 .O38 2010 | A001737 | 04/17/2026 | 25 | 04/17/2026 | Long Loan Book |